| 000 | 00336nam a2200121Ia 4500 | ||
|---|---|---|---|
| 008 | 230907s9999||||xx |||||||||||||| ||und|| | ||
| 082 |
_a951 _bTIP |
||
| 245 | 0 | _a101 tips for living in China / | |
| 260 |
_aLanguage and culture university press, _bBeijing : _c2020 |
||
| 300 | _a213 p. | ||
| 650 |
_aChinese Studies _9116218 |
||
| 942 | _cBK | ||
| 999 |
_c601637 _d601637 |
||